000 00586 a2200169 4500
020 _a019597719X
020 _a9780195977196
090 _c1705
_d1705
100 1 _aSeervai, H. M.
245 1 0 _aPartition of india :
_blegend and reality /
_cH. M. Seervai.
260 _a[S.l.] :
_bOxford University Press,
_c2005.
300 _a256 p.
500 _aHardcover.
856 4 0 _3Amazon.com
_uhttp://www.amazon.com/exec/obidos/ASIN/019597719X/chopaconline-20
856 4 0 _3Amazon customer reviews
_uhttp://www.chopac.org/cgi-bin/tools/azrev.pl?q=019597719X
942 _aNBS
_cBK
_k954.0359 SEE
999 _c344220
_d344220